|
|
|
|
| LEADER |
00000nam0a2200000 4500 |
| 001 |
272061 |
| 005 |
20231101234509.0 |
| 035 |
|
|
|a (RuTPU)RU\TPU\book\295266
|
| 090 |
|
|
|a 272061
|
| 100 |
|
|
|a 20141015d1987 m y0rusy50 ca
|
| 101 |
0 |
|
|a rus
|
| 102 |
|
|
|a RU
|
| 105 |
|
|
|a a j 001zy
|
| 200 |
1 |
|
|a Экономика, организация и планирование производства в термических цехах
|e учебник
|f А. Г. Солодихин, В. П. Калинин
|
| 205 |
|
|
|a 2-е изд., перераб. и доп.
|
| 210 |
|
|
|a Москва
|c Машиностроение
|d 1987
|
| 215 |
|
|
|a 304 с.
|c ил.
|
| 225 |
1 |
|
|a Для техникумов
|
| 320 |
|
|
|a Библиогр.: с. 295
|
| 320 |
|
|
|a Предметный указатель: с. 296-299
|
| 606 |
1 |
|
|a Термические цехи
|x Организация производства
|2 stltpush
|3 (RuTPU)RU\TPU\subj\59902
|9 77397
|
| 610 |
1 |
|
|a планирование производства
|
| 610 |
1 |
|
|a экономика
|
| 610 |
1 |
|
|a организация труда
|
| 610 |
1 |
|
|a термические подразделения
|
| 610 |
1 |
|
|a НОТ
|
| 610 |
1 |
|
|a заработная плата
|
| 610 |
1 |
|
|a техническая подготовка
|
| 610 |
1 |
|
|a учебники
|
| 675 |
|
|
|a 621.78(075.32)
|v 3
|
| 700 |
|
1 |
|a Солодихин
|b А. Г.
|g Александр Григорьевич
|
| 701 |
|
1 |
|a Калинин
|b В. П.
|g Валентин Петрович
|
| 801 |
|
1 |
|a RU
|b 63413507
|c 20141015
|
| 801 |
|
2 |
|a RU
|b 63413507
|c 20161213
|g RCR
|
| 942 |
|
|
|c BK
|